000
00312nam a22001577a 4500
003
SGT
020
_a
658.15
082
_a
GEE
_b
GEE
100
_a
GEETIKA
245
_a
MANAGERIAL ECONOMICS
250
_a
3RD
260
_a
INDIA
_b
MC GRAW HILL
_c
2024
300
_a
669
650
_a
GEETIKA
942
_2
ddc
_c
BK
999
_c
29628
_d
29628